000 00515cam a22001932 4500
001 0000000958
005 20170406113020.0
008 131121s xx 000 0 eng d
020 _c$
040 _aYour Holding Symbol
_cYour Holding Symbol
100 1 _aLefebvre,Gaspar.
245 1 4 _aThe spirit of god in the liturgy.
250 _a ed.
260 _alondon :
_bburns and oates,
_c1959.
300 _a126 p. ;
_c cm.
504 _abibliography.
650 0 _atheology.
908 _a131121
999 _c877
_d877